Electrical installation work : solutions to examination questions, City & Guilds (Course B) papers 1 & 2 (Record no. 65494)

000 -LEADER
fixed length control field 00518nam a22001817a 4500
003 - CONTROL NUMBER IDENTIFIER
control field NUST - PNEC
005 - DATE AND TIME OF LATEST TRANSACTION
control field 20170116180917.0
008 - FIXED-LENGTH DATA ELEMENTS--GENERAL INFORMATION
fixed length control field 150904b xxu||||| |||| 00| 0 eng d
020 ## - INTERNATIONAL STANDARD BOOK NUMBER
International Standard Book Number -
040 ## - CATALOGING SOURCE
Transcribing agency LIBRARY
082 ## - DEWEY DECIMAL CLASSIFICATION NUMBER
Classification number 621.31042 MEE
100 ## - MAIN ENTRY--PERSONAL NAME
9 (RLIN) 7509
Personal name Mee, R. A.
245 ## - TITLE STATEMENT
Title Electrical installation work : solutions to examination questions, City & Guilds (Course B) papers 1 & 2
Statement of responsibility, etc. R. A. Mee
250 ## - EDITION STATEMENT
Edition statement 2nd ed.
260 ## - PUBLICATION, DISTRIBUTION, ETC.
Date of publication, distribution, etc. c.1970
650 ## - SUBJECT ADDED ENTRY--TOPICAL TERM
9 (RLIN) 7514
Topical term or geographic name entry element Electrical engineering
General subdivision EL
942 ## - ADDED ENTRY ELEMENTS (KOHA)
Source of classification or shelving scheme
Koha item type Book
Holdings
Withdrawn status Lost status Source of classification or shelving scheme Damaged status Not for loan Permanent Location Current Location Shelving location Date acquired Total Checkouts Full call number Barcode Date last seen Price effective from Koha item type
          Pakistan Navy Engineering College (PNEC) Pakistan Navy Engineering College (PNEC)       621.3 MEE PNECLIB-005103 09/04/2015   Book
          Pakistan Navy Engineering College (PNEC) Pakistan Navy Engineering College (PNEC)       621.3 MEE PNECLIB-005101 09/05/2015   Book
© 2023 Central Library, National University of Sciences and Technology. All Rights Reserved.